Fundamentals of Aircraft and Airship Design : (Record no. 607125)
[ view plain ]
| 000 -LEADER | |
|---|---|
| fixed length control field | 00393nam a22001217a 4500 |
| 020 ## - INTERNATIONAL STANDARD BOOK NUMBER | |
| International Standard Book Number | 978-1-60086-751-4 |
| 082 ## - DEWEY DECIMAL CLASSIFICATION NUMBER | |
| Classification number | 629.1341 |
| Author Mark | NIC |
| 100 ## - MAIN ENTRY--PERSONAL NAME | |
| Personal name | Nicolai ,Leland M. |
| 9 (RLIN) | 119369 |
| 245 ## - TITLE STATEMENT | |
| Title | Fundamentals of Aircraft and Airship Design : |
| Remainder of title | Volume I — Aircraft Design / |
| Statement of responsibility, etc. | Leland M. Nicolai & Grant E. Carichner |
| 260 ## - PUBLICATION, DISTRIBUTION, ETC. | |
| Place of publication, distribution, etc. | Virginia : |
| Name of publisher, distributor, etc. | AIAA, |
| Date of publication, distribution, etc. | 2010. |
| 300 ## - PHYSICAL DESCRIPTION | |
| Extent | 755. p ; |
| 942 ## - ADDED ENTRY ELEMENTS (KOHA) | |
| Source of classification or shelving scheme | |
| Koha item type | Book |
| Withdrawn status | Lost status | Source of classification or shelving scheme | Damaged status | Not for loan | Permanent Location | Current Location | Shelving location | Date acquired | Total Checkouts | Full call number | Barcode | Date last seen | Price effective from | Koha item type | Total Renewals | Checked out | Date last checked out |
|---|---|---|---|---|---|---|---|---|---|---|---|---|---|---|---|---|---|
| School of Mechanical & Manufacturing Engineering (SMME) | School of Mechanical & Manufacturing Engineering (SMME) | Aerospace Engineering | 11/28/2023 | 629.1341 NIC | SMME-4540 | 11/28/2023 | 11/28/2023 | Book | |||||||||
| School of Mechanical & Manufacturing Engineering (SMME) | School of Mechanical & Manufacturing Engineering (SMME) | Aerospace Engineering | 11/28/2023 | 629.1341 NIC | SMME-4541 | 11/28/2023 | 11/28/2023 | Book | |||||||||
| School of Mechanical & Manufacturing Engineering (SMME) | School of Mechanical & Manufacturing Engineering (SMME) | Aerospace Engineering | 11/28/2023 | 2 | 629.1341 NIC | SMME-4542 | 03/03/2026 | 11/28/2023 | Book | 1 | 04/29/2026 | 03/03/2026 |
